| 000 | 00673cam a22002293a 4500 | ||
|---|---|---|---|
| 001 | 18887 | ||
| 003 | PGUSA | ||
| 005 | 20140828083412.0 | ||
| 008 | 060722s2006||||xxu|||||s|||||000 | eng d | ||
| 040 |
_aPGUSA _beng |
||
| 042 | _adc | ||
| 050 | 4 | _aPL | |
| 100 | 1 |
_aSevilla, Jose N., _d1880-1946 |
|
| 245 | 1 | 0 |
_aSi Rizal at ang mga Diwata : _bZarzuelang Tagalog na may Dalawang Yugto _h[electronic resource] / _cJose N. Sevilla |
| 260 |
_bProject Gutenberg, _c2006 |
||
| 506 | _aPublic domain in the USA. | ||
| 516 | _aElectronic text | ||
| 653 | _aTagalog drama | ||
| 830 | 0 |
_aProject Gutenberg _v18887 |
|
| 856 | 4 | 0 | _uhttp://www.gutenberg.org/ebooks/18887 |
| 942 | _cEB | ||
| 999 |
_c248142 _d248142 |
||